000
00302nam a2200121Ia 4500
008
191201s2014 xx 000 0 und d
100
_a
YADAV, R
245
0
_a
Fundamentals of Engineering Thermodynamics
260
_a
N. Delhi
_b
Central
_c
2014
300
_a
1048
650
_a
B.Tech(ME)
942
_2
ddc
_c
BK
999
_c
6117
_d
6117